[Event "5. Bayer Open"]
[Site "Leverkusen"]
[Date "2008.02.11"]
[Round "3"]
[White "Schüppen, Heinrich"]
[Black "Wieland, Ingo"]
[Result "0-1"]
[WhiteElo "1696"]
[BlackElo "1664"]
[PlyCount "102"]
[EventDate "2008.01.14"]
[EventType "swiss"]
[EventRounds "7"]
[EventCountry "GER"]
[Source "Birnkott,Manfre"]
[SourceDate "2008.04.23"]

1. d4 d5 2. Nf3 Nf6 3. c4 c6 4. Nc3 e6 5. Bg5 Nbd7 6. e3 Bd6 7. c5 Be7 8. Qc2
b6 9. b4 a5 10. b5 bxc5 11. bxc6 Nb6 12. Bb5 O-O 13. Bf4 Ne8 14. h4 cxd4 15.
exd4 Bd6 16. Be5 f6 17. Bxd6 Qxd6 18. g4 Qf4 19. Be2 Ba6 20. g5 Bxe2 21. Qxe2
Nc7 22. Qe3 fxg5 23. Nxg5 Qxe3+ 24. fxe3 h6 25. Nh3 Nc4 26. Ke2 Ra6 27. Nf4
Rxc6 28. Na4 Rb8 29. Rab1 Rxb1 30. Rxb1 Kf7 31. Rb7 Nd6 32. Nc5 Nxb7 33. Nxb7
Rc2+ 34. Kd3 Rxa2 35. Nd8+ Kf6 36. Nh5+ Kg6 37. Nf4+ Kf5 38. Nc6 Ra3+ 39. Ke2
Ke4 40. Ng2 Ra2+ 41. Kf1 Rxg2 42. Kxg2 Kxe3 43. Nxa5 Kxd4 44. Kf3 Ne8 45. Nc6+
Kc5 46. Ne5 Nf6 47. Ke3 d4+ 48. Kd3 Kd5 49. Nc4 e5 50. Nb6+ Ke6 51. Kc4 g5 0-1

[Event "5. Bayer Open"]
[Site "Leverkusen"]
[Date "2008.02.11"]
[Round "3"]
[White "Burgmer, Hubertus"]
[Black "Witte, Thomas"]
[Result "0-1"]
[WhiteElo "1663"]
[BlackElo "1645"]
[PlyCount "108"]
[EventDate "2008.01.14"]
[EventType "swiss"]
[EventRounds "7"]
[EventCountry "GER"]
[Source "Birnkott,Manfre"]
[SourceDate "2008.04.23"]

1. e4 Nf6 2. Nc3 d5 3. exd5 Nxd5 4. d4 Nxc3 5. bxc3 g6 6. Nf3 Bg7 7. Be2 Nd7 8.
O-O O-O 9. Rb1 Nb6 10. c4 c6 11. c3 Qc7 12. Qb3 Nd7 13. Re1 Re8 14. Be3 Nf6 15.
h3 b6 16. Ne5 Nd7 17. f4 Nxe5 18. fxe5 e6 19. Bg5 h6 20. Bh4 g5 21. Bg3 f5 22.
Qc2 Rd8 23. Bf3 Bb7 24. Qe2 Rab8 25. Rb2 c5 26. Bxb7 Rxb7 27. Rd1 Qe7 28. d5
Rbd7 29. d6 Qf7 30. a4 f4 31. Bf2 Qf5 32. Re1 Rf8 33. a5 f3 34. Qe3 fxg2 35.
axb6 axb6 36. Rxb6 Bxe5 37. Kxg2 Bxc3 38. Qxe6+ Qxe6 39. Rxe6 Bd4 40. Bxd4 cxd4
41. c5 d3 42. Rb3 Rc8 43. Re5 Rxc5 44. Rxc5 Rxd6 45. Rcc3 d2 46. Rd3 d1=Q 47.
Rxd1 Rxd1 48. Rb7 Rd4 49. Kf3 Rf4+ 50. Kg3 Rf7 51. Rb6 Kg7 52. Kg4 Rf4+ 53. Kg3
Rf6 54. Kg4 $4 Rxb6 0-1

[Event "5. Bayer Open"]
[Site "Leverkusen"]
[Date "2008.02.11"]
[Round "3"]
[White "Huppertz, Andrea"]
[Black "Zühlke, Ernst-Wilhelm"]
[Result "1-0"]
[WhiteElo "1719"]
[BlackElo "1655"]
[PlyCount "131"]
[EventDate "2008.01.14"]
[EventType "swiss"]
[EventRounds "7"]
[EventCountry "GER"]
[Source "Birnkott,Manfre"]
[SourceDate "2008.04.23"]

1. d4 e6 2. Nf3 Nf6 3. Bf4 d5 4. e3 Nbd7 5. h3 Be7 6. Nbd2 O-O 7. c3 c5 8. Bd3
Nh5 9. Bh2 f5 10. Ne5 Nhf6 11. Ndf3 cxd4 12. exd4 Ne4 13. Nxd7 Bxd7 14. Ne5 Bc6
15. O-O Bg5 16. Re1 Bh4 17. g3 Bf6 18. Nxc6 bxc6 19. f3 Qb6 20. fxe4 fxe4 21.
Bc2 Qxb2 22. Qd2 Bg5 23. Qe2 Qxc3 24. Rad1 Rab8 25. Bxe4 dxe4 26. Qxe4 Rbe8 27.
Qd3 Rf3 28. Qxc3 Rxc3 29. Re5 Rc1 30. Rxc1 Bxc1 31. Kf2 Kf7 32. Ke2 Bb2 33. Kd3
Rd8 34. Bg1 Rd5 35. Re4 g5 36. Kc4 Kf6 37. g4 a5 38. Re2 Bc1 39. Rc2 Bf4 40.
Kb3 c5 41. Rxc5 Rxc5 42. dxc5 e5 43. c6 Ke6 44. Bb6 Bd2 45. Kc4 e4 46. Bc5 Bf4
47. a4 e3 48. Kd3 Kd5 49. Bb6 Kxc6 50. Bxa5 Kc5 51. Bc3 Kb6 52. Bd4+ Ka5 53.
Bxe3 Be5 54. Bxg5 Kxa4 55. Ke4 Bb2 56. Kf5 Kb5 57. Bf6 Bc1 58. g5 Kc6 59. Ke6
Kc7 60. h4 Kc6 61. h5 Kc7 62. Ke7 Kc6 63. Kf7 Kd7 64. Kg7 Ke8 65. Kxh7 Kf7 66.
g6+ 1-0

[Event "5. Bayer Open"]
[Site "Leverkusen"]
[Date "2008.02.11"]
[Round "3"]
[White "Balduan, Karl-Heinz"]
[Black "Karwatzki, Hans-Jürgen"]
[Result "0-1"]
[WhiteElo "1427"]
[BlackElo "1601"]
[PlyCount "172"]
[EventDate "2008.01.14"]
[EventType "swiss"]
[EventRounds "7"]
[EventCountry "GER"]
[Source "Birnkott,Manfre"]
[SourceDate "2008.04.23"]

1. d4 Nf6 2. Nf3 d5 3. Bf4 c5 4. Bxb8 Rxb8 5. c3 e6 6. e3 b5 7. Ne5 Qc7 8. Be2
Bd6 9. f4 Ne4 10. O-O f6 11. Nd3 O-O 12. Nd2 c4 13. Nf2 Nxd2 14. Qxd2 f5 15.
Nh3 Rf6 16. Qd1 b4 17. cxb4 Bxb4 18. Qc2 Qa5 19. Ng5 h6 20. Nf3 Ba6 21. Ne5 Bb5
22. g4 Bd2 23. Rf3 Ba4 24. Qb1 c3 25. b3 Be8 26. g5 Rf7 27. Nxf7 Bxf7 28. Rg3
hxg5 29. fxg5 Bg6 30. Bd3 Qc7 31. Qf1 c2 32. Bxc2 Qxc2 33. Qe2 Rc8 34. Rg2 Qb2
35. Rd1 Rc2 36. Rxd2 Qb1+ 37. Kf2 Bh5 38. Qxh5 Rxd2+ 39. Kg3 Qe1+ 40. Kh3 Rxg2
41. Kxg2 Qd2+ 42. Kf1 Qd3+ 43. Kf2 Qd2+ 44. Qe2 Qc1 45. Kg2 g6 46. Kg3 Qb1 47.
Qg2 Qe1+ 48. Kf4 Qc1 49. Qf2 Qb1 50. Ke5 Kf7 51. Kd6 Qc1 52. Qe2 Qa3+ 53. Kc6
Ke7 54. Qb5 Qd6+ 55. Kb7 Qd7+ 56. Qxd7+ Kxd7 57. b4 e5 58. b5 exd4 59. exd4 f4
60. Kxa7 f3 61. b6 f2 62. b7 f1=Q 63. b8=Q Qc4 64. Qb7+ Ke8 65. Qb6 Kd7 66. h4
Qxa2+ 67. Kb7 Qc4 68. h5 gxh5 69. g6 Qc8+ 70. Ka7 Qg8 71. Qb7+ Ke6 72. Qh7 Qd8
73. Qf7+ Kd6 74. Qb7 Qa5+ 75. Qa6+ Qxa6+ 76. Kxa6 Ke6 77. Kb6 h4 78. g7 Kf7 79.
Kc5 h3 80. Kxd5 h2 81. g8=Q+ Kxg8 82. Kd6 h1=Q 83. d5 Kf8 84. Ke6 Ke8 85. Kd6
Qh7 86. Ke6 Qd7+ 0-1

[Event "5. Bayer Open"]
[Site "Leverkusen"]
[Date "2008.02.11"]
[Round "3"]
[White "Weinmann-Musset, Manfred"]
[Black "Depping, Thomas"]
[Result "1-0"]
[WhiteElo "1854"]
[BlackElo "1601"]
[PlyCount "61"]
[EventDate "2008.01.14"]
[EventType "swiss"]
[EventRounds "7"]
[EventCountry "GER"]
[Source "Birnkott,Manfre"]
[SourceDate "2008.04.23"]

1. d4 Nf6 2. c4 g6 3. Nc3 Bg7 4. e4 d6 5. Be2 O-O 6. g4 e5 7. d5 a5 8. h4 Na6
9. h5 Nc5 10. f3 gxh5 11. g5 Ne8 12. Be3 f5 13. Rxh5 f4 14. Bf2 Nd7 15. Kd2 Rf7
16. Bh4 Rf8 17. Qf1 Nc5 18. Qg2 c6 19. Rb1 Qb6 20. Bf2 Qb4 21. Bd3 b5 22. Bxc5
Qxc5 23. cxb5 cxb5 24. Bxb5 Ba6 25. Bxa6 Rxa6 26. Nge2 Nc7 27. Rbh1 Nb5 28.
Rxh7 Rb6 29. Qh3 Qe3+ 30. Ke1 Kf7 31. Qe6# 1-0

[Event "5. Bayer Open"]
[Site "Leverkusen"]
[Date "2008.02.11"]
[Round "3"]
[White "Beinert, Katharina"]
[Black "Simon, Martin"]
[Result "0-1"]
[WhiteElo "1382"]
[BlackElo "1941"]
[PlyCount "42"]
[EventDate "2008.01.14"]
[EventType "swiss"]
[EventRounds "7"]
[EventCountry "GER"]
[Source "Birnkott,Manfre"]
[SourceDate "2008.04.23"]

1. d4 d5 2. c4 c6 3. e3 Nf6 4. Nc3 e6 5. Nf3 Nbd7 6. cxd5 exd5 7. Bd3 Bd6 8.
O-O O-O 9. Qc2 Re8 10. a3 Nf8 11. h3 Qe7 12. b4 a6 13. Na4 Bc7 14. Nc5 Ne4 15.
Bb2 Ng6 16. Rac1 Nh4 17. Nxh4 Qxh4 18. f4 Nxc5 19. dxc5 Rxe3 20. Bd4 Re6 21. f5
Qxd4+ 0-1

[Event "5. Bayer Open"]
[Site "Leverkusen"]
[Date "2008.02.11"]
[Round "3"]
[White "Remmler, Dirk"]
[Black "Hingst, Dieter Max Otto"]
[Result "1-0"]
[WhiteElo "1761"]
[BlackElo "986"]
[PlyCount "44"]
[EventDate "2008.01.14"]
[EventType "swiss"]
[EventRounds "7"]
[EventCountry "GER"]
[Source "Birnkott,Manfre"]
[SourceDate "2008.04.23"]

1. e4 e5 2. Nf3 Nc6 3. Bb5 a6 4. Ba4 b5 5. Bb3 Nf6 6. O-O Bc5 7. Nxe5 Nxe5 8.
d4 Nxe4 9. dxc5 Nxc5 10. Re1 d6 11. f4 Bg4 12. Qxg4 Qe7 13. fxe5 dxe5 14. Be3
Nxb3 15. axb3 b4 16. Qc4 O-O 17. Bc5 Qd7 18. Bxf8 Rd8 19. Bxb4 Qd4+ 20. Qxd4
Rxd4 21. Bc3 Rd6 22. Bxe5 Rd2 1-0

[Event "5. Bayer Open"]
[Site "Leverkusen"]
[Date "2008.02.11"]
[Round "3"]
[White "van Hove, Ode"]
[Black "Fröhling, Ewald"]
[Result "0-1"]
[WhiteElo "1387"]
[BlackElo "1559"]
[PlyCount "82"]
[EventDate "2008.01.14"]
[EventType "swiss"]
[EventRounds "7"]
[EventCountry "GER"]
[Source "Birnkott,Manfre"]
[SourceDate "2008.04.23"]

1. e4 d5 2. exd5 Qxd5 3. Nc3 Qa5 4. Bc4 Nf6 5. d3 c6 6. Qe2 Bg4 7. f3 Bh5 8.
Bd2 Qc7 9. Nh3 e6 10. Ne4 Nbd7 11. Nf4 Bg6 12. Bb3 Nxe4 13. fxe4 Be7 14. O-O-O
Nc5 15. Nxg6 Nxb3+ 16. cxb3 hxg6 17. Bc3 O-O-O 18. Qe3 Kb8 19. Kb1 f6 20. g3 e5
21. h4 Bd6 22. Be1 Qe7 23. Bf2 b6 24. Rc1 Bc5 25. Qd2 Bxf2 26. Qxf2 Kb7 27. Qc2
Rd6 28. b4 Qd7 29. Rhd1 $11 Qg4 30. Qc4 Rhd8 31. a3 Qxg3 32. Ka2 Qxh4 33. Qf7+
R8d7 34. Qxg6 Qh3 35. Rh1 Qxd3 36. Rh8 Qd2 37. Rc3 Re7 38. Qh7 Kc7 39. Rg3 Qd4
40. Rg8 Qc4+ 41. Rb3 Rd3 0-1

[Event "5. Bayer Open"]
[Site "Leverkusen"]
[Date "2008.02.11"]
[Round "3"]
[White "von Oppenkowski, Roman"]
[Black "Wolf, Hans-Josef"]
[Result "0-1"]
[WhiteElo "1325"]
[BlackElo "1774"]
[PlyCount "40"]
[EventDate "2008.01.14"]
[EventType "swiss"]
[EventRounds "7"]
[EventCountry "GER"]
[Source "Birnkott,Manfre"]
[SourceDate "2008.04.23"]

1. e4 e6 2. d4 b6 3. Nc3 Bb7 4. Nf3 g6 5. Bd3 Bg7 6. Bf4 d6 7. Qe2 a6 8. a3 h6
9. h3 Nd7 10. O-O Ne7 11. Rfe1 e5 12. dxe5 dxe5 13. Bg3 O-O 14. Bc4 Kh7 15.
Rad1 b5 16. Ba2 Qe8 17. b4 f6 18. Be6 Nb6 19. Rd2 Qc6 20. Qe3 Qxe6 0-1

[Event "5. Bayer Open"]
[Site "Leverkusen"]
[Date "2008.02.11"]
[Round "3"]
[White "Granz, Thomas"]
[Black "Buchfelder, Gerhard"]
[Result "1-0"]
[WhiteElo "1641"]
[BlackElo "1442"]
[PlyCount "79"]
[EventDate "2008.01.14"]
[EventType "swiss"]
[EventRounds "7"]
[EventCountry "GER"]
[Source "Birnkott,Manfre"]
[SourceDate "2008.04.23"]

1. e4 e5 2. Nf3 Nc6 3. Bc4 Bc5 4. O-O Nf6 5. d3 O-O 6. Be3 d6 7. Bxc5 dxc5 8.
Nbd2 Bg4 9. c3 Na5 10. Qa4 c6 11. Nxe5 b5 12. Nxf7 Rxf7 13. Bxf7+ Kxf7 14. Qc2
Qd7 15. f3 Be6 16. f4 Kg8 17. f5 Bf7 18. e5 Ng4 19. Rae1 Be8 20. h3 Nh6 21. e6
Qe7 22. Ne4 Kh8 23. Qd2 Ng8 24. g4 Nb7 25. g5 Nd8 26. Qe3 Nb7 27. Qf4 Rd8 28.
f6 gxf6 29. gxf6 Qxe6 30. f7 Qg6+ 31. Kh2 Bxf7 32. Qxf7 Nd6 33. Qxg6 hxg6 34.
Nxc5 Nf5 35. d4 Nge7 36. Re6 Kg7 37. Rxe7+ Kh6 38. Rxa7 Re8 39. Rf2 Ne3 40. Rc7
1-0

[Event "5. Bayer Open"]
[Site "Leverkusen"]
[Date "2008.02.11"]
[Round "3"]
[White "Liebsch, Felix"]
[Black "Lessing, Sebastian"]
[Result "1/2-1/2"]
[WhiteElo "1147"]
[BlackElo "1614"]
[PlyCount "39"]
[EventDate "2008.01.14"]
[EventType "swiss"]
[EventRounds "7"]
[EventCountry "GER"]
[Source "Birnkott,Manfre"]
[SourceDate "2008.04.23"]

1. e4 e5 2. Nf3 Nc6 3. Bb5 Bc5 4. Nc3 Nf6 5. d3 h6 6. O-O d6 7. h3 Bd7 8. Be3
Bb4 9. a3 Ba5 10. b4 Bb6 11. d4 g5 12. Qd2 g4 13. hxg4 Nxg4 14. Be2 Qf6 15.
dxe5 Ncxe5 16. Nd5 Qd8 17. Nxe5 Nxe5 18. Bxh6 Qh4 19. Qg5 Ng6 20. Nf6+ 1/2-1/2

[Event "5. Bayer Open"]
[Site "Leverkusen"]
[Date "2008.02.11"]
[Round "3"]
[White "Runte, Dirk"]
[Black "Seelig, Jochen"]
[Result "1-0"]
[WhiteElo "1613"]
[BlackElo "1379"]
[PlyCount "73"]
[EventDate "2008.01.14"]
[EventType "swiss"]
[EventRounds "7"]
[EventCountry "GER"]
[Source "Birnkott,Manfre"]
[SourceDate "2008.04.23"]

1. d4 b6 2. c4 Bb7 3. e3 e6 4. Nf3 Bb4+ 5. Bd2 Qe7 6. a3 Bxd2+ 7. Nbxd2 Nf6 8.
Bd3 d5 9. O-O Nbd7 10. b4 a5 11. c5 axb4 12. axb4 O-O 13. Qc2 c6 14. Nb3 Rxa1
15. Rxa1 Ra8 16. Rxa8+ Bxa8 17. Qa2 Qd8 18. Qa7 Qb8 19. cxb6 Qxa7 20. bxa7 Nb6
21. Ba6 Ne4 22. Na5 Nd6 23. Ne5 Kf8 24. Nexc6 Bxc6 25. Nxc6 Ke8 26. Kf1 Kd7 27.
b5 Ndc8 28. Ne5+ Ke7 29. Bxc8 f6 30. Nc6+ Kd6 31. Na5 e5 32. Bb7 Kc7 33. Bxd5
Kd6 34. a8=Q Nxa8 35. Bxa8 exd4 36. exd4 Kc7 37. Nc4 1-0

[Event "5. Bayer Open"]
[Site "Leverkusen"]
[Date "2008.02.11"]
[Round "3"]
[White "Teuber, Alfons"]
[Black "Hasanovic, Huzeir"]
[Result "1-0"]
[WhiteElo "1087"]
[BlackElo "1592"]
[PlyCount "147"]
[EventDate "2008.01.14"]
[EventType "swiss"]
[EventRounds "7"]
[EventCountry "GER"]
[Source "Birnkott,Manfre"]
[SourceDate "2008.04.23"]

1. e4 c5 2. Bc4 e6 3. Nc3 Nf6 4. Nf3 a6 5. a4 Be7 6. d4 O-O 7. b3 Nc6 8. e5 Ne8
9. d5 exd5 10. Nxd5 Nc7 11. O-O Ne6 12. c3 d6 13. Nxe7+ Nxe7 14. exd6 Ng6 15.
Re1 Bd7 16. Ne5 Nxe5 17. Rxe5 Qf6 18. Re3 b5 19. Rf3 Qh4 20. Bxe6 Bxe6 21. Rf4
Qd8 22. a5 Re8 23. Be3 c4 24. b4 Qd7 25. Bc5 Bf5 26. Qd5 Bd3 27. h3 Rac8 28.
Be3 Re6 29. Bc5 Rce8 30. Kh2 Be4 31. Qd2 Bd3 32. Rd4 Re2 33. Qf4 R8e6 34. Qg4
Rxf2 35. Rxd3 cxd3 36. Bxf2 Qxd6+ 37. Bg3 Qc6 38. Qd4 Qe8 39. Qxd3 Re3 40. Qd2
h5 41. Re1 Rxe1 42. Bxe1 Qe6 43. Bf2 f6 44. Bd4 Kf7 45. Qf2 f5 46. Qf4 Qg6 47.
Qc7+ Kg8 48. Qb6 Qg5 49. Qxa6 f4 50. Qc8+ Kh7 51. Qf8 Qg3+ 52. Kg1 Qe1+ 53. Kh2
Qg3+ 54. Kh1 Qe1+ 55. Bg1 Qe6 56. Qxf4 g6 57. Be3 Qc6 58. Qh6+ Kg8 59. Bd4 Kf7
60. Qg7+ Ke8 61. Qe5+ Kd7 62. Qb8 g5 63. Qa7+ Kc8 64. Be5 g4 65. h4 Qc4 66.
Qb8+ Kd7 67. Qd6+ Ke8 68. a6 g3 69. Qg6+ Kd7 70. Qxg3 Qc6 71. Qg7+ Kc8 72. a7
Kd8 73. Qh8+ Ke7 74. a8=Q 1-0

[Event "5. Bayer Open"]
[Site "Leverkusen"]
[Date "2008.02.11"]
[Round "3"]
[White "van Kempen, Susanne"]
[Black "Kayser, Manfred"]
[Result "1-0"]
[WhiteElo "1550"]
[BlackElo "1182"]
[PlyCount "107"]
[EventDate "2008.01.14"]
[EventType "swiss"]
[EventRounds "7"]
[EventCountry "GER"]
[Source "Birnkott,Manfre"]
[SourceDate "2008.04.23"]

1. e4 g6 2. d4 Bg7 3. Nf3 d6 4. Be3 Nc6 5. c3 Nf6 6. Bd3 O-O 7. O-O Bg4 8. Nbd2
a6 9. h3 Bd7 10. Nh2 Qe8 11. f4 e6 12. a3 Rb8 13. c4 Bc8 14. Rf3 Nd7 15. e5 Qe7
16. d5 Nd8 17. exd6 cxd6 18. dxe6 Nxe6 19. Rb1 Nd4 20. Rg3 Nc5 21. Ndf1 Nxd3
22. Qxd3 Bf5 23. Qd1 Bxb1 24. Bxd4 Bxd4+ 25. Qxd4 Bf5 26. Nf3 h6 27. Ne3 Qe6
28. Nh4 Bb1 29. f5 Qe5 30. Qxe5 dxe5 31. fxg6 f6 32. Nhf5 Bxf5 33. Nxf5 Rbd8
34. Nxh6+ Kg7 35. Nf5+ Kg8 36. h4 Rd4 37. h5 Rf4 38. Ne7+ Kg7 39. h6+ Kxh6 40.
g7 Ra8 41. g8=Q Rxg8 42. Rxg8 Rxc4 43. Rg6+ Kh5 44. Rxf6 Rc2 45. Rb6 Rc7 46.
Nd5 Rf7 47. Ne3 Kg5 48. Nc4 e4 49. Nd6 Re7 50. Rxb7 Re6 51. Nc4 e3 52. Kf1 Kf4
53. Ke2 Rg6 54. Nxe3 1-0

[Event "5. Bayer Open"]
[Site "Leverkusen"]
[Date "2008.02.11"]
[Round "3"]
[White "Heller, Helmut"]
[Black "Reiter, Ute"]
[Result "1-0"]
[WhiteElo "1486"]
[BlackElo "1119"]
[PlyCount "48"]
[EventDate "2008.01.14"]
[EventType "swiss"]
[EventRounds "7"]
[EventCountry "GER"]
[Source "Birnkott,Manfre"]
[SourceDate "2008.04.23"]

1. Nf3 d6 2. d4 e6 3. c4 Nf6 4. Nc3 b6 5. Bg5 Bb7 6. e3 Be7 7. Bd3 h6 8. Bh4
Nbd7 9. h3 c5 10. Bg3 O-O 11. O-O a6 12. a3 Re8 13. Bc2 d5 14. b3 Nf8 15. Re1
Ng6 16. Bxg6 fxg6 17. Ne5 g5 18. f4 Nh7 19. Rf1 dxc4 20. bxc4 Rf8 21. Ng6 Rf7
22. Ne2 Bf6 23. Rb1 Qd6 24. fxg5 Nxg5 1-0

[Event "5. Bayer Open"]
[Site "Leverkusen"]
[Date "2008.02.25"]
[Round "4"]
[White "Weiler, Wolfgang"]
[Black "Mladenov, Svetlin"]
[Result "0-1"]
[WhiteElo "2170"]
[BlackElo "2299"]
[PlyCount "64"]
[EventDate "2008.01.14"]
[EventType "swiss"]
[EventRounds "7"]
[EventCountry "GER"]
[Source "Birnkott,Manfre"]
[SourceDate "2008.04.23"]

1. d4 Nf6 2. c4 g6 3. Nc3 Bg7 4. e4 d6 5. h3 O-O 6. Bd3 a6 7. Nf3 c5 8. d5 b5
9. cxb5 axb5 10. Bxb5 Nxe4 11. Nxe4 Qa5+ 12. Nc3 Bxc3+ 13. bxc3 Qxb5 14. Nd2
Qd3 15. Qf3 Qxf3 16. Nxf3 Bb7 17. c4 Ra4 18. Bh6 Re8 19. Nd2 Ba6 20. O-O Nd7
21. Rfe1 f6 22. f4 Nb6 23. Rab1 Rb4 24. Rxb4 cxb4 25. c5 dxc5 26. d6 e6 27. Ne4
Nd7 28. Rc1 Rc8 29. g4 Bb7 30. Nd2 Bd5 31. f5 e5 32. Nc4 Ra8 0-1

[Event "5. Bayer Open"]
[Site "Leverkusen"]
[Date "2008.02.25"]
[Round "4"]
[White "Balduan, Markus"]
[Black "Reinemer, Frank"]
[Result "1/2-1/2"]
[WhiteElo "2315"]
[BlackElo "2131"]
[PlyCount "87"]
[EventDate "2008.01.14"]
[EventType "swiss"]
[EventRounds "7"]
[EventCountry "GER"]
[Source "Birnkott,Manfre"]
[SourceDate "2008.04.23"]

1. Nf3 f5 2. d3 Nf6 3. e4 d6 4. Nc3 g6 5. exf5 Bxf5 6. d4 c6 7. Bd3 Qd7 8. O-O
Na6 9. a3 Nc7 10. Ne2 Bg7 11. Ng3 Bxd3 12. Qxd3 O-O 13. Re1 Rae8 14. Bd2 Kh8
15. Rad1 Ng4 16. h3 Nh6 17. Re2 Nf5 18. Ne4 Ne6 19. c3 d5 20. Neg5 Nxg5 21.
Bxg5 Nd6 22. Bc1 Ne4 23. Ng5 Nxg5 24. Bxg5 Rf5 25. Qd2 e5 26. dxe5 Rfxe5 27.
Rxe5 Rxe5 28. Be3 a6 29. Bd4 Re8 30. Re1 Rxe1+ 31. Qxe1 Bxd4 32. cxd4 Kg8 33.
Qe5 Qf7 34. f4 Qd7 35. g4 Qf7 36. Kf2 Qg7 37. Qe6+ Qf7 38. Qd6 Qf8 39. Qc7 Qg7
40. Qd8+ Qf8 41. Qc7 Qg7 42. Qb8+ Qf8 43. Qe5 Qg7 44. Qb8+ 1/2-1/2

[Event "5. Bayer Open"]
[Site "Leverkusen"]
[Date "2008.02.25"]
[Round "4"]
[White "Schockenbäumer, Dirk"]
[Black "Auer, Martin"]
[Result "1-0"]
[WhiteElo "2135"]
[BlackElo "2228"]
[PlyCount "97"]
[EventDate "2008.01.14"]
[EventType "swiss"]
[EventRounds "7"]
[EventCountry "GER"]
[Source "Birnkott,Manfre"]
[SourceDate "2008.04.23"]

1. Nf3 Nf6 2. c4 g6 3. Nc3 Bg7 4. d4 O-O 5. e4 d6 6. Be2 Nh5 7. O-O e5 8. dxe5
dxe5 9. Qxd8 Rxd8 10. Nd5 Na6 11. Bg5 f6 12. Be3 Bf8 13. Rfd1 Bd7 14. Nxe5 Ba4
15. b3 c6 16. Nxg6 hxg6 17. Nc3 Bxb3 18. axb3 Bb4 19. Na4 Ng7 20. Rxd8+ Rxd8
21. Rd1 Rxd1+ 22. Bxd1 b6 23. Bg4 Kf7 24. Bc8 Nc7 25. Kf1 Ke7 26. Ke2 Nge6 27.
Kd3 Bd6 28. g3 Bb4 29. f3 Kd8 30. Bxe6 Nxe6 31. Nc3 Kd7 32. h4 Ke7 33. g4 Kf7
34. Ne2 Bd6 35. f4 c5 36. f5 Nf8 37. Bf4 Be7 38. Nc3 Nd7 39. Nd5 g5 40. Nxe7
gxf4 41. Ng6 a6 42. g5 Ne5+ 43. Nxe5+ fxe5 44. h5 b5 45. cxb5 axb5 46. h6 c4+
47. bxc4 b4 48. g6+ Kg8 49. h7+ 1-0

[Event "5. Bayer Open"]
[Site "Leverkusen"]
[Date "2008.02.25"]
[Round "4"]
[White "Rotstein, Jefim"]
[Black "Werbeck, Torsten"]
[Result "1-0"]
[WhiteElo "2296"]
[BlackElo "2083"]
[PlyCount "81"]
[EventDate "2008.01.14"]
[EventType "swiss"]
[EventRounds "7"]
[EventCountry "GER"]
[Source "Birnkott,Manfre"]
[SourceDate "2008.04.23"]

1. e4 c5 2. Nf3 Nc6 3. d4 cxd4 4. Nxd4 Nf6 5. Nc3 e5 6. Ndb5 d6 7. a4 Be7 8.
Nd5 Nxd5 9. exd5 Nb8 10. Be2 O-O 11. O-O f5 12. c4 a6 13. Nc3 a5 14. Nb5 Na6
15. Bd2 Bd7 16. Qe1 Nc5 17. Ra3 Ne4 18. Bc1 Kh8 19. f4 Bf6 20. Bf3 Bxb5 21.
axb5 Nc5 22. b4 axb4 23. Qxb4 Rxa3 24. Qxa3 e4 25. Be2 Qa8 26. Qe3 Qa2 27. h3
Nb3 28. Qf2 Bd4 29. Be3 Bxe3 30. Qxe3 Nc5 31. g4 Ra8 32. gxf5 Ra3 33. Qf2 Rxh3
34. Bg4 Qxf2+ 35. Kxf2 Ra3 36. Rg1 Kg8 37. f6 g6 38. Be6+ Kf8 39. f5 Rf3+ 40.
Ke2 Rf4 41. Ra1 1-0

[Event "5. Bayer Open"]
[Site "Leverkusen"]
[Date "2008.02.25"]
[Round "4"]
[White "Negele, Michael"]
[Black "Khanukov, Boris"]
[Result "0-1"]
[WhiteElo "2118"]
[BlackElo "2340"]
[PlyCount "145"]
[EventDate "2008.01.14"]
[EventType "swiss"]
[EventRounds "7"]
[EventCountry "GER"]
[Source "Birnkott,Manfre"]
[SourceDate "2008.04.23"]

1. e4 c5 2. d4 cxd4 3. c3 g6 4. Bc4 Bg7 5. Nf3 Nc6 6. cxd4 d6 7. Nc3 Nf6 8. Bb3
Bg4 9. Be3 O-O 10. h3 Bxf3 11. Qxf3 e5 12. dxe5 dxe5 13. O-O Nd4 14. Bxd4 exd4
15. Nd5 Nxd5 16. Bxd5 Qe7 17. Qb3 Rac8 18. Rac1 b6 19. Rc4 h5 20. Rfc1 Rxc4 21.
Rxc4 Be5 22. Rc6 Kg7 23. g3 h4 24. f4 Bd6 25. e5 Bc5 26. Qd3 Qd7 27. Bg2 hxg3
28. a3 a5 29. Rf6 Re8 30. b4 axb4 31. axb4 Bxb4 32. Rxb6 Be1 33. Kf1 Bf2 34.
Rb7 Qc8 35. Ke2 Qc1 36. Kf3 Kf8 37. Qb3 Qe3+ 38. Qxe3 dxe3 39. Bf1 Rc8 40. Bd3
Rc3 41. Rd7 Rc1 42. Rb7 Rc5 43. e6 fxe6 44. Bxg6 Rd5 45. f5 exf5 46. Rf7+ Kg8
47. Rxf5 Rd1 48. Bf7+ Kg7 49. Bc4 Rh1 50. Rh5 Kf6 51. Bd3 Rd1 52. Bc4 Rd4 53.
Rc5 Ke7 54. Rc6 Rh4 55. Bf1 Rh5 56. Rc4 Kd6 57. h4 Rf5+ 58. Ke2 Bg1 59. Rg4
Rf2+ 60. Ke1 Rd2 61. Be2 Bf2+ 62. Kf1 Ra2 63. h5 Ra1+ 64. Kg2 Rg1+ 65. Kf3 Rh1
66. Ke4 Rh2 67. Rg6+ Kc5 68. Rg5+ Kb4 69. Kf3 Kc3 70. Rc5+ Kd4 71. Rg5 Rh4 72.
Bf1 Kc3 73. Ra5 {Restliche Notation fehlt.} 0-1

[Event "5. Bayer Open"]
[Site "Leverkusen"]
[Date "2008.02.25"]
[Round "4"]
[White "Hobusch, Alexander"]
[Black "Michalczak, Thomas"]
[Result "0-1"]
[WhiteElo "2041"]
[BlackElo "2294"]
[PlyCount "50"]
[EventDate "2008.01.14"]
[EventType "swiss"]
[EventRounds "7"]
[EventCountry "GER"]
[Source "Birnkott,Manfre"]
[SourceDate "2008.04.23"]

1. d4 Nf6 2. Nf3 d5 3. c4 dxc4 4. e3 Bg4 5. Bxc4 e6 6. O-O a6 7. Nbd2 Nc6 8. b3
Bd6 9. Bb2 O-O 10. Qe1 Re8 11. e4 Bf4 12. h3 Bh5 13. Rd1 b5 14. Bd3 Bxd2 15.
Rxd2 Bxf3 16. gxf3 Nh5 17. Qe3 Qh4 18. Rc1 Nf4 19. Bf1 Nb4 20. a3 Nbd5 21. exd5
exd5 22. Qc3 Rac8 23. Qc6 Re6 24. Qb7 Rce8 25. Rc6 Re1 0-1

[Event "5. Bayer Open"]
[Site "Leverkusen"]
[Date "2008.02.28"]
[Round "4"]
[White "Cordts, Ingo"]
[Black "Scharff, Klaus"]
[Result "1-0"]
[WhiteElo "2248"]
[BlackElo "1928"]
[PlyCount "71"]
[EventDate "2008.01.14"]
[EventType "swiss"]
[EventRounds "7"]
[EventCountry "GER"]
[Source "Birnkott,Manfre"]
[SourceDate "2008.04.23"]

1. e4 e6 2. Nc3 d6 3. f4 g6 4. Nf3 Bg7 5. d4 Ne7 6. Be2 Nd7 7. O-O O-O 8. Kh1
e5 9. fxe5 dxe5 10. d5 f5 11. Ng5 Nf6 12. d6 cxd6 13. Bc4+ d5 14. exd5 Qd6 15.
Nb5 Qc5 16. Qe2 Nexd5 17. Be3 Qc6 18. Rad1 h6 19. Nc3 hxg5 20. Nxd5 Kh7 21. Bb5
Qxd5 22. Rxd5 Nxd5 23. Bxg5 f4 24. Bd3 Bf5 25. g4 Bxd3 26. Qxd3 Ne3 27. Rg1
Rae8 28. Qe4 Rc8 29. h4 Rxc2 30. h5 Rc6 31. Kh2 Rh8 32. Kh3 Kg8 33. Kh4 Rc2 34.
Bxf4 exf4 35. Qe8+ Bf8 36. Qe6+ 1-0

[Event "5. Bayer Open"]
[Site "Leverkusen"]
[Date "2008.02.25"]
[Round "4"]
[White "Ivic, Roman"]
[Black "Ziabari, Morteza"]
[Result "1-0"]
[WhiteElo "2060"]
[BlackElo "1807"]
[PlyCount "61"]
[EventDate "2008.01.14"]
[EventType "swiss"]
[EventRounds "7"]
[EventCountry "GER"]
[Source "Birnkott,Manfre"]
[SourceDate "2008.04.23"]

1. e4 d6 2. d4 Nf6 3. Bd3 e5 4. c3 Bg4 5. Qb3 Qc8 6. Bg5 Be7 7. f3 Bh5 8. Nd2
h6 9. Be3 O-O 10. Ne2 c6 11. O-O-O Nbd7 12. g4 Bg6 13. h4 h5 14. Rdg1 d5 15.
gxh5 Nxh5 16. Rxg6 fxg6 17. exd5 cxd5 18. Qxd5+ Kh8 19. dxe5 Nb6 20. Qb3 Qc7
21. Qe6 Bf6 22. Bxg6 Bxe5 23. Bxh5 Rf6 24. Qb3 Nd7 25. Ne4 Rc6 26. Bf7 Nb6 27.
f4 Bf6 28. Ng5 Nd7 29. Bg6 Rf8 30. Nf7+ Rxf7 31. Qxf7 1-0